Southville International School and Colleges
Your cart is empty.
  • Cart
  • Lists
    Public lists Eva Luna New books Lux_list list_1
    Your lists Log in to create your own lists
  • Log in to your account
  • Your cookies
  • Search history
Southville International School and Colleges
  • Advanced search
  • Recent comments
  • Most popular
  • Libraries

Log in to your account

Log in with GOOGLE


If you do not have an external account, but do have a local account, you can still log in:

  1. Home
  2. MARC view: Information governance for executives /
Normal view MARC view ISBD view

Information governance for executives / (Record no. 305282)

[ view plain ]
MARC details
000 -LEADER
fixed length control field 00531nam a22001697a 4500
003 - CONTROL NUMBER IDENTIFIER
control field SISC
005 - DATE AND TIME OF LATEST TRANSACTION
control field 20161121152354.0
008 - FIXED-LENGTH DATA ELEMENTS--GENERAL INFORMATION
fixed length control field 161121b xxu||||| |||| 00| 0 eng d
020 ## - INTERNATIONAL STANDARD BOOK NUMBER
International Standard Book Number 9781530475100
050 ## - LIBRARY OF CONGRESS CALL NUMBER
Classification number HD 30.2
Item number .In43 2016
100 ## - MAIN ENTRY--PERSONAL NAME
Personal name Smallwood, Robert F.
245 ## - TITLE STATEMENT
Title Information governance for executives /
Statement of responsibility, etc Robert F. Smallwood.
260 ## - PUBLICATION, DISTRIBUTION, ETC. (IMPRINT)
Place of publication, distribution, etc USA :
Name of publisher, distributor, etc Bacchus Business Books,
Date of publication, distribution, etc 2016.
300 ## - PHYSICAL DESCRIPTION
Extent 185 pages :
Other physical details illustrations ;
Dimensions 23 cm.
500 ## - GENERAL NOTE
General note Includes index and bibliographical references.
942 ## - ADDED ENTRY ELEMENTS (KOHA)
Source of classification or shelving scheme Library of Congress Classification
Koha item type Books
Holdings
Withdrawn status Lost status Source of classification or shelving scheme Damaged status Home library Current library Shelving location Date acquired Source of acquisition Total Checkouts Full call number Barcode Date last seen Price effective from Koha item type
    Library of Congress Classification   College Library College Library Graduate Section 11/21/2016 Library Fund   HD 30.2 .Sm635 2016 C20793 03/14/2017 11/21/2016 Books

Information governance for executives /

APA

Smallwood R. F., . (2016). Information governance for executives. USA: Bacchus Business Books.

Chicago

Smallwood Robert F, . 2016. Information governance for executives. USA: Bacchus Business Books.

Harvard

Smallwood R. F., . (2016). Information governance for executives. USA: Bacchus Business Books.

MLA

Smallwood Robert F, . Information governance for executives. USA: Bacchus Business Books. 2016.

  • Place hold
  • Print
  • Cite
  • Add to your cart (remove)
  • Save record
    BIBTEX Dublin Core MARCXML MARC (non-Unicode/MARC-8) MARC (Unicode/UTF-8) MARC (Unicode/UTF-8, Standard) MODS (XML) RIS
  • More searches
    Search for this title in:
    Other Libraries (WorldCat) Other Databases (Google Scholar) Online Stores (Bookfinder.com) Open Library (openlibrary.org)

Exporting to Dublin Core...

SOUTHVILLE LIBRARY

Southville International School and Colleges Library

1281 Tropical Ave. Cor. Luxembourg St., BF Homes International, Las Pinas City

Tel. No. 8256374 / 252358 Loc. 117/146

Powered by Koha